000 00777nam a22002535i 4500
001 18651
003 ES-MaACL
005 20230906151905.0
007 t|
008 020213s1992 sp ||||0| spa j
020 _a84-88306-00-8
040 _aM-BN
_bspa
_cM-BN
080 _a341.176(4-672 CE)
245 0 0 _aEuropa, un orden jurídico para un fin político /
_cMiguel Arias Cañete ... [et al.].
260 _aMadrid :
_bFundación Cánovas del Castillo,
_cD.L. 1992.
300 _a234 p ;
_c21 cm.
490 1 _aVeintiuno
610 2 _aComunidades Europeas.
_93139
700 1 _aArias Cañete, Miguel.
_922766
710 2 _aFundación Cánovas del Castillo.
_94244
830 0 _aVeintiuno
_9180481
852 _aES-MaACL
_jL-25226
_bR.130733
999 _c18651
_d18651